Capital by First 3 Letters Quiz Stats

 Plays Quiz Updated Aug 2, 2018

Challenge
Share
Tweet
Embed
Score 0/197 Timer 07:00
0 Plays Today
Capital % Correct
Washington
93.3%
Paris
91.7%
Paramaribo
91.2%
London
88.5%
Berlin
85.1%
Bern
85%
Mexico City
82.1%
Moscow
81.9%
Beijing
80.3%
Beirut
80.3%
Madrid
79%
Rome
78.8%
Bratislava
77.5%
Brasília
77.5%
Brazzaville
77.5%
Santiago
77.1%
San José
77.1%
San Marino
77.1%
San Salvador
77.1%
Sanaá
77.1%
Santo Domingo
77.1%
Tokyo
76.8%
Ottawa
76%
Oslo
75.6%
Lisbon
72.3%
Canberra
71.5%
Cairo
70.8%
Dublin
69.9%
Monaco
69.8%
Montevideo
69.8%
Monrovia
69.8%
Stockholm
67.3%
Helsinki
66.8%
New Delhi
66.5%
Athens
64.8%
St. John's
62.5%
Vienna
61.8%
Vientiane
61.8%
Buenos Aires
61.4%
Warsaw
61.3%
Amsterdam
61.2%
Brussels
60.7%
Copenhagen
60.1%
Bangkok
58.7%
Bandar Seri Begawan
58.7%
Bangui
58.7%
Banjul
58.7%
Lima
58.6%
Manama
58.6%
Manila
58.6%
Managua
58.6%
Wellington
57.6%
Jerusalem
57.2%
St. George's
57.1%
Seoul
56.8%
Belgrade
56.6%
Belmopan
56.6%
Prague
56.5%
Praia
56.5%
Baghdad
56%
Vatican City
55.7%
Caracas
55.7%
Kingston
55.5%
Kingstown
55.5%
Kinshasa
55.5%
Andorra la Vella
54.8%
Capital % Correct
Panama City
54.6%
Budapest
54.6%
Ankara
54.2%
Reykjavík
54.1%
Port Louis
53.4%
Port Moresby
53.4%
Port of Spain
53.4%
Port Vila
53.4%
Port-au-Prince
53.4%
Porto-Novo
53.4%
Luxembourg
51.8%
Kyiv
51.4%
Pretoria
50.7%
Havana
50.4%
Tehran
49.7%
Bucharest
48.2%
Bogotá
47.5%
Riga
47%
Algiers
46.4%
Tallinn
46.3%
Tunis
46.3%
Abu Dhabi
46%
Abuja
46%
Islamabad
45.8%
Hanoi
45.4%
Pyongyang
45.2%
Jakarta
45%
Tripoli
45%
Quito
44.5%
Minsk
44.3%
Guatemala City
43.3%
Nairobi
42.5%
Singapore
41.8%
Sarajevo
41.2%
Sofia
41.1%
Malabo
40.7%
Malé
40.7%
Damascus
40.4%
Kabul
39.7%
La Paz
39.6%
Vilnius
39.3%
Rabat
39%
Riyadh
38.8%
Zagreb
38.5%
Addis Ababa
37.6%
Georgetown
37.6%
Ulaanbaatar
36.3%
Vaduz
36.3%
Taipei
36.1%
Kuwait City
36%
Nicosia
35.2%
Kuala Lumpur
35.1%
Dakar
34.5%
Valletta
34.5%
Asunción
33.1%
Djibouti
33%
Amman
33%
Kathmandu
32.3%
Dhaka
32.2%
Freetown
31.8%
Astana
31.6%
São Tomé
31.3%
Ljubljana
31.2%
Phnom Penh
31.2%
Tegucigalpa
31.1%
Bishkek
31%
Capital % Correct
Bissau
31%
Tirana
30.6%
Antananarivo
30.5%
Chisinau
30.5%
Pristina
30.4%
Mogadishu
30.2%
Khartoum
30%
Baku
29.5%
Ramallah
29.4%
Nassau
29.3%
Accra
28.9%
Tashkent
28.7%
Harare
28.7%
Muscat
28.2%
Castries
27.9%
Honiara
27.7%
Doha
27.6%
Bridgetown
27.4%
Skopje
27.1%
Libreville
26.3%
Luanda
25.9%
Tbilisi
25.8%
Podgorica
25.7%
Yerevan
25.3%
Windhoek
25.2%
Maputo
24.6%
Moroni
24.1%
Maseru
24.1%
Conakry
23.6%
Sri Jayawardenepura
23.1%
Ashgabat
22.9%
Bamako
22.8%
Lusaka
22.6%
Ouagadougou
22.4%
Victoria
22.2%
Suva
22.1%
Kigali
22%
Kampala
21.8%
Dili
21.7%
Asmara
21.5%
Basseterre
21.4%
Lomé
21.4%
Gaborone
21.4%
Ngerulmud
21.3%
Juba
21.2%
Thimphu
20.5%
Dushanbe
20.1%
Dodoma
19.7%
Apia
19.6%
Palikir
19.6%
N'Djamena
19.2%
Niamey
18.9%
Funafuti
18.9%
Yaoundé
18.8%
Yamoussoukro
18.5%
Roseau
18.3%
Naypyidaw
17.9%
Bujumbura
17.3%
Tarawa
17.2%
Lilongwe
17.2%
Mbabane
17.1%
Nouakchott
16.7%
Yaren
16.6%
Majuro
16.4%
Nukuʻalofa
14.3%

You're not logged in!

Compare scores with friends on all Sporcle quizzes.
Join for Free
OR
Log In

You Might Also Like...

Show Comments

Extras

Top Quizzes Today


Score Distribution

Your Account Isn't Verified!

In order to create a playlist on Sporcle, you need to verify the email address you used during registration. Go to your Sporcle Settings to finish the process.

Report this User

Report this user for behavior that violates our Community Guidelines.

Details: